| 000 -ლიდერი |
| ფიქსირებული სიგრძის საკონტროლო ველი |
01586nam a2200253Ia 4500 |
| 001 - საკონტროლო ნომერი |
| საკონტროლო ველი |
14102 |
| 003 - საკონტროლო ნომრის იდენტიფიკატორი |
| საკონტროლო ველი |
GE_BSU |
| 005 - ბოლო ოპერაციის თარიღი და დრო |
| საკონტროლო ველი |
20241108173017.0 |
| 008 - ფიქსირებული სიგრძის მონაცემთა ელემენტები - ზოგადი ინფორმაცია |
| ფიქსირებული სიგრძის საკონტროლო ველი |
181216s2012||||ge |||||||||||||| ||geo|| |
| 020 ## - წიგნის საერთაშორისო სტანდარტული ნომერი |
| International Standard Book Number |
9789941175084 |
| 040 ## - კატალოგიზაციის წყარო |
| Transcribing agency |
GE_BSU |
| 041 ## - ენის კოდი |
| Language code of text/sound track or separate title |
geo |
| 080 ## - უნივერსალური ათობითი კლასიფიკაციის ინდექსი |
| Universal Decimal Classification number |
327(042.4) მ-27 |
| 100 ## - მთავარი ჩანაწერი - პიროვნების სახელი |
| Personal name |
მანველიძე, ირაკლი |
| 9 (RLIN) |
2014 |
| 245 ## - ცნობა სათაურის შესახებ |
| Title |
საერთაშორისო ურთიერთობების საფუძვლები : |
| Remainder of title |
ლექციების კონსპექტური კურსი / |
| Statement of responsibility, etc |
ირაკლი მანველიძე ; რედ. : ირაკლი გორგილაძე. |
| 260 ## - გამოქვეყნების, გავრცელების, და სხვა. ცნობები |
| Place of publication, distribution, etc |
. |
| 264 ## - წარმოების, გამოცემის, დისტრიბუციის და სხვა ცნობები |
| გამოცემის, წარმოების, დისტრიბუციის... ადგილი |
თბილისი : |
| გამოცემის, წარმოების, დისტრიბუციის... სახელწოდება |
უნივერსალი, |
| გამოცემის, წარმოების, დისტრიბუციის... თარიღი |
2012. |
| 300 ## - ფიზიკური აღწერა |
| Extent |
419 გვ. ; |
| Dimensions |
20 სმ. |
| 653 ## - INDEX TERM--UNCONTROLLED |
| Uncontrolled term |
საერთაშორისო ურთიერთობების საფუძვლები |
| 653 ## - INDEX TERM--UNCONTROLLED |
| Uncontrolled term |
ლექციების კონსპექტური კურსი |
| 700 ## - ADDED ENTRY--PERSONAL NAME |
| Personal name |
გორგილაძე, ირაკლი |
| Relator term |
რედაქტორი |
| 9 (RLIN) |
13494 |
| 710 ## - ADDED ENTRY--CORPORATE NAME |
| Corporate name or jurisdiction name as entry element |
ბათუმის შოთა რუსთაველის სახელობის უნივერსიტეტი |
| Subordinate unit |
სოციალურ მეცნიერებათა ბიზნესისა და სამართალმცოდნეობის ფაკულტეტი |
| Relator term |
სოციალურ მეცნირებათა დეპარტამენტი |
| 9 (RLIN) |
23660 |
| 942 ## - ADDED ENTRY ELEMENTS (KOHA) |
| Koha item type |
წიგნი |
| Source of classification or shelving scheme |
|